000 00391nam a22001337a 4500
082 _a621.4021
_bQUR
_cL-12, P-44
100 _aQureshi, M.A.
_941742
245 _aSolutions of problems in heat engines and thermodynamics.
260 _aLahore
_bNational Book Stall
300 _a350 p. :
_bill. :
_c4 Cm
526 _a0
_b0
_c0
_d621_402100000000000_QUR
650 _aMCE
_9379
942 _2ddc
_cBK
999 _c545784
_d545784